000 00663cam a22002413a 4500
001 1041
003 PGUSA
005 20140828082956.0
008 970901s1997||||xxu|||||s|||||000 p eng d
040 _aPGUSA
_beng
042 _adc
050 4 _aPR
100 1 _aShakespeare, William,
_d1564-1616
245 1 0 _aShakespeare's Sonnets
_h[electronic resource] /
_cWilliam Shakespeare
260 _bProject Gutenberg,
_c1997
506 _aPublic domain in the USA.
516 _aElectronic text
653 _aEnglish poetry
653 _aSonnets, English
830 0 _aProject Gutenberg
_v1041
856 4 0 _uhttp://www.gutenberg.org/ebooks/1041
942 _cEB
999 _c230392
_d230392